| 000 | 00906nam a2200265 c 4500 | ||
|---|---|---|---|
| 001 | a5692610 | ||
| 003 | CO-ViMGA | ||
| 005 | 20230915224039.0 | ||
| 008 | 150925s2015 sp a | |||| 000 1 spa | ||
| 020 | _a9788490941706 | ||
| 040 |
_aCO-ViMGA _bspa _cCO-ViMGA |
||
| 041 | 1 | _heng | |
| 082 |
_a741.5 _bB78d1 |
||
| 100 | 1 |
_aBrubaker, Ed _d1966- _4aut _98870 |
|
| 245 | 1 | 0 |
_aDos Américas / _c[guión], Brubaker ; [dibujo], Ross, Eaglesham ; [entintado], Guice ; [traducción, Gonzalo Quesada] |
| 260 |
_aTorroella de Montgrí, Girona _bPanini Comics _cD.L. 2015. |
||
| 300 |
_a[200] p. _bprincipalmente il. col. _c27 cm. |
||
| 490 | 0 |
_aCapitán América _v11 |
|
| 490 | 0 | _aMarvel deluxe | |
| 650 | 1 | 4 |
_aComics _9284 |
| 650 | 1 | 4 |
_aTiras comicas, historietas, etc. _92479 |
| 700 | 1 |
_aEaglesham, Dale _d1952- _edibujante _4art _99234 |
|
| 700 | 1 |
_aRoss, Luke _d1972- _edibujante _4art _99111 |
|
| 942 |
_2ddc _cBK |
||
| 999 |
_c11172 _d11172 |
||